All Kansas Cities on a Map - Statistics

General Stats
  • This quiz has been taken 16 times
  • The average score is 25 of 722
Answers on the Map
Answers color-coded by a green-red scale on the quiz's map according to % correct below.
 
Answer Stats
City Population % Correct
Kansas City 156,752
100%
Manhattan 54,700
100%
Topeka 125,467
100%
Wichita 400,991
100%
Dodge City 27,663
92%
Lawrence 97,271
92%
Overland Park 202,893
83%
Olathe 149,035
75%
Garden City 27,996
67%
Salina 46,109
67%
Emporia 24,354
58%
Hutchinson 39,561
58%
Junction City 22,053
58%
Leavenworth 37,370
58%
Lenexa 59,427
58%
Atchison 10,813
50%
Hays 21,213
50%
Pittsburg 20,547
50%
Shawnee 69,724
50%
Liberal 19,184
42%
Andover 17,000
33%
Coffeyville 8,545
33%
El Dorado 12,694
33%
Fort Scott 7,563
33%
Arkansas City 11,761
25%
Augusta 9,103
25%
Colby 5,539
25%
Great Bend 14,306
25%
Independence 8,287
25%
Ottawa 12,733
25%
Park 112
25%
Abilene 6,501
17%
Baxter Springs 3,844
17%
Chanute 8,536
17%
Concordia 4,926
17%
Derby 26,604
17%
Goodland 4,394
17%
Leawood 34,013
17%
Maize 7,059
17%
Newton 18,320
17%
Park City 9,110
17%
Winfield 11,678
17%
Allen 165
8%
Alta Vista 412
8%
Americus 779
8%
Auburn 1,272
8%
Axtell 405
8%
Baldwin City 4,985
8%
Bassett 22
8%
Bird City 448
8%
Buffalo 211
8%
Burlington 2,596
8%
Cherokee 596
8%
Clay Center 4,070
8%
Columbus 2,878
8%
De Soto 6,579
8%
Edgerton 1,716
8%
Eudora 6,564
8%
Frankfort 726
8%
Franklin 763
8%
Gardner 25,836
8%
Garfield 143
8%
Gas 466
8%
Goddard 6,009
8%
Goessel 552
8%
Green 92
8%
Hamilton 179
8%
Haysville 11,406
8%
Hillsboro 2,673
8%
Holton 3,422
8%
Hudson 91
8%
Humboldt 1,817
8%
Huron 74
8%
Iola 5,309
8%
Kinsley 1,361
8%
Lansing 11,316
8%
Liberty 95
8%
Linwood 428
8%
Madison 668
8%
Marysville 3,422
8%
Mayetta 359
8%
McPherson 14,068
8%
Meade 1,436
8%
Merriam 11,560
8%
Milford 394
8%
Milton 166
8%
Mission 10,013
8%
Montezuma 994
8%
Moran 463
8%
Oaklawn-Sunview 2,952
8%
Osage City 2,799
8%
Phillipsburg 2,233
8%
Prairie Village 22,919
8%
Pratt 6,587
8%
Richmond 439
8%
Riley 955
8%
Rock 123
8%
Roeland Park 6,689
8%
Russell 4,325
8%
Scranton 641
8%
Silver Lake 1,312
8%
St. John 1,173
8%
Valley Center 7,416
8%
Victoria 1,129
8%
Wamego 4,888
8%
Washington 1,075
8%
Waterville 650
8%
Wellington 7,561
8%
Westmoreland 732
8%
Wilson 834
8%
Yates Center 1,315
8%
Abbyville 81
0%
Ada 70
0%
Admire 137
0%
Agenda 44
0%
Agra 195
0%
Albert 123
0%
Alden 116
0%
Alexander 48
0%
Alma 839
0%
Almena 352
0%
Altamont 1,047
0%
Alton 93
0%
Altoona 343
0%
Andale 929
0%
Anthony 2,052
0%
Arcadia 257
0%
Argonia 447
0%
Arlington 427
0%
Arma 1,390
0%
Ashland 734
0%
Assaria 424
0%
Athol 41
0%
Atlanta 163
0%
Attica 506
0%
Atwood 1,223
0%
Aurora 52
0%
Baileyville 77
0%
Barnard 58
0%
Barnes 163
0%
Bartlett 68
0%
Basehor 7,996
0%
Bavaria 21
0%
Bazine 270
0%
Beattie 202
0%
Beaumont 40
0%
Beaver 13
0%
Belle Plaine 1,445
0%
Belleville 1,975
0%
Beloit 3,400
0%
Belpre 91
0%
Belvue 206
0%
Bendena 140
0%
Benedict 71
0%
Bennington 649
0%
Bentley 574
0%
Benton 930
0%
Bern 162
0%
Beverly 135
0%
Big Bow 148
0%
Bison 169
0%
Blue Mound 220
0%
Blue Rapids 921
0%
Bluff City 44
0%
Bogue 148
0%
Bonner Springs 7,832
0%
Bremen 202
0%
Brewster 282
0%
Bridgeport 31
0%
Bronson 307
0%
Brookville 235
0%
Brownell 23
0%
Bucklin 696
0%
Bucyrus 16
0%
Buhler 1,315
0%
Bunker Hill 108
0%
Burden 506
0%
Burdett 216
0%
Burdick 28
0%
Burlingame 939
0%
Burns 231
0%
Burr Oak 139
0%
Burrton 846
0%
Bushong 28
0%
Bushton 197
0%
Byers 37
0%
Caldwell 1,000
0%
Cambridge 92
0%
Caney 1,726
0%
Canton 664
0%
Carbondale 1,306
0%
Carlton 38
0%
Cassoday 106
0%
Catharine 252
0%
Cawker City 462
0%
Cedar 13
0%
Cedar Point 20
0%
Cedar Vale 474
0%
Centralia 491
0%
Centropolis 70
0%
Chapman 1,388
0%
Chase 389
0%
Chautauqua 110
0%
Cheney 2,174
0%
Cherryvale 2,114
0%
Chetopa 905
0%
Chicopee 405
0%
Cimarron 1,977
0%
Circleville 154
0%
Claflin 543
0%
Clayton 42
0%
Clearwater 2,697
0%
Clifton 456
0%
Climax 45
0%
Clyde 669
0%
Coats 67
0%
Codell 54
0%
Coldwater 687
0%
Collyer 94
0%
Colony 383
0%
Colwich 1,454
0%
Conway Springs 1,135
0%
Coolidge 78
0%
Copeland 251
0%
Corning 209
0%
Cottonwood Falls 833
0%
Council Grove 2,101
0%
Courtland 291
0%
Coyville 56
0%
Crestline 148
0%
Croweburg 111
0%
Cuba 137
0%
Cullison 84
0%
Culver 115
0%
Cunningham 403
0%
Damar 107
0%
Danville 29
0%
Dearing 372
0%
Deerfield 688
0%
Delia 153
0%
Delphos 301
0%
Denison 147
0%
Dennis 195
0%
Denton 133
0%
Detroit 100
0%
Devon 61
0%
Dexter 229
0%
Dighton 907
0%
Dorrance 141
0%
Douglass 1,514
0%
Downs 772
0%
Dresden 43
0%
Dunlap 28
0%
Durham 88
0%
Dwight 210
0%
Earlton 58
0%
Eastborough 743
0%
Easton 213
0%
Eastshore 17
0%
Edmond 27
0%
Edna 382
0%
Edson 4
0%
Edwardsville 4,748
0%
Effingham 487
0%
Elbing 220
0%
Elgin 56
0%
Elk City 250
0%
Elk Falls 108
0%
Elkhart 1,726
0%
Ellinwood 1,969
0%
Ellis 1,918
0%
Ellsworth 3,116
0%
Elmdale 40
0%
Elsmore 52
0%
Elwood 1,137
0%
Elyria 291
0%
Emmett 170
0%
Englewood 52
0%
Ensign 164
0%
Enterprise 710
0%
Erie 1,035
0%
Esbon 69
0%
Eskridge 437
0%
Eureka 2,249
0%
Everest 249
0%
Fairview 233
0%
Fairway 4,160
0%
Fall River 127
0%
Falun 151
0%
Farlington 68
0%
Florence 381
0%
Fontana 231
0%
Ford 201
0%
Formoso 91
0%
Fort Dodge 145
0%
Fort Riley 8,595
0%
Fowler 512
0%
Frederick 8
0%
Fredonia 2,071
0%
Frontenac 3,412
0%
Fulton 169
0%
Furley 48
0%
Galatia 45
0%
Galena 2,767
0%
Galesburg 142
0%
Galva 826
0%
Garden Plain 987
0%
Garland 25
0%
Garnett 3,211
0%
Gaylord 84
0%
Gem 95
0%
Geneseo 226
0%
Geuda Springs 154
0%
Girard 2,473
0%
Glade 52
0%
Glasco 433
0%
Glen Elder 363
0%
Goff 103
0%
Gorham 379
0%
Gove City 76
0%
Grainfield 310
0%
Grandview Plaza 1,648
0%
Grantville 130
0%
Greeley 276
0%
Greenleaf 351
0%
Greensburg 731
0%
Greenwich 56
0%
Grenola 149
0%
Gridley 313
0%
Grinnell 255
0%
Gypsum 394
0%
Haddam 108
0%
Hallowell 53
0%
Halstead 2,144
0%
Hamlin 35
0%
Hanover 696
0%
Hanston 249
0%
Hardtner 163
0%
Harper 1,293
0%
Harris 11
0%
Hartford 364
0%
Harveyville 178
0%
Havana 83
0%
Haven 1,168
0%
Havensville 130
0%
Haviland 666
0%
Hazelton 81
0%
Healy 419
0%
Hepler 92
0%
Herington 2,116
0%
Herndon 114
0%
Hesston 3,482
0%
Hiawatha 3,137
0%
Highland 932
0%
Hill City 1,374
0%
Hillsdale 115
0%
Hoisington 2,607
0%
Holcomb 2,242
0%
Hollenberg 12
0%
Holyrood 385
0%
Home 76
0%
Hope 313
0%
Horace 91
0%
Horton 1,461
0%
Howard 561
0%
Hoxie 1,176
0%
Hoyt 596
0%
Hugoton 3,583
0%
Hunnewell 43
0%
Hunter 50
0%
Idana 30
0%
Ingalls 252
0%
Inman 1,328
0%
Isabel 64
0%
Iuka 152
0%
Jamestown 233
0%
Jennings 79
0%
Jetmore 748
0%
Jewell 351
0%
Johnson City 1,459
0%
Kanopolis 432
0%
Kanorado 150
0%
Keats 129
0%
Kechi 2,388
0%
Kelly 1
0%
Kensington 396
0%
Kickapoo Site 1 75
0%
Kickapoo Site 2 19
0%
Kickapoo Site 5 106
0%
Kickapoo Site 7 50
0%
Kickapoo Tribal Center 136
0%
Kincaid 107
0%
Kingman 2,866
0%
Kiowa 870
0%
Kipp 81
0%
Kirwin 129
0%
Kismet 332
0%
Labette 55
0%
La Crosse 1,208
0%
La Cygne 1,019
0%
Lafontaine 51
0%
La Harpe 488
0%
Lake Quivira 1,006
0%
Lakin 2,112
0%
Lancaster 244
0%
Lane 243
0%
Langdon 44
0%
Larned 3,598
0%
Latham 98
0%
Latimer 30
0%
Lebanon 181
0%
Lebo 887
0%
Lecompton 592
0%
Lehigh 159
0%
Lenora 199
0%
Leon 649
0%
Leona 36
0%
Leonardville 441
0%
Leoti 1,424
0%
LeRoy 446
0%
Levant 57
0%
Lewis 378
0%
Liebenthal 89
0%
Lincoln Center 1,160
0%
Lincolnville 169
0%
Lindsborg 3,835
0%
Linn 389
0%
Linn Valley 1,112
0%
Little River 468
0%
Logan 431
0%
Lone Elm 22
0%
Longford 71
0%
Long Island 131
0%
Longton 280
0%
Lorraine 130
0%
Lost Springs 56
0%
Louisburg 5,266
0%
Louisville 152
0%
Lowell 304
0%
Lucas 337
0%
Ludell 14
0%
Luray 158
0%
Lyndon 1,037
0%
Lyons 3,499
0%
Macksville 455
0%
Mahaska 44
0%
Manchester 51
0%
Mankato 826
0%
Manter 131
0%
Maple Hill 639
0%
Mapleton 98
0%
Marienthal 15
0%
Marion 1,890
0%
Marquette 596
0%
Matfield Green 50
0%
Mayfield 73
0%
McConnell AFB 1,952
0%
McCracken 147
0%
McCune 374
0%
McDonald 115
0%
McFarland 280
0%
McLouth 838
0%
Medicine Lodge 1,708
0%
Melvern 345
0%
Menlo 30
0%
Mentor 85
0%
Meriden 719
0%
Milan 52
0%
Mildred 6
0%
Miltonvale 433
0%
Minneapolis 1,939
0%
Minneola 700
0%
Mission Hills 3,521
0%
Mission Woods 199
0%
Moline 336
0%
Monument 81
0%
Morganville 181
0%
Morland 113
0%
Morrill 210
0%
Morrowville 116
0%
Moscow 260
0%
Mound City 640
0%
Moundridge 1,965
0%
Mound Valley 349
0%
Mount Hope 804
0%
Mulberry 411
0%
Mullinville 194
0%
Mulvane 7,016
0%
Munden 98
0%
Munjor 115
0%
Murdock 39
0%
Muscotah 156
0%
Narka 80
0%
Nashville 50
0%
Natoma 290
0%
Navarre 68
0%
Neal 39
0%
Neodesha 2,210
0%
Neosho Falls 138
0%
Neosho Rapids 239
0%
Ness City 1,310
0%
Netawaka 141
0%
New Albany 59
0%
Newbury 44
0%
New Cambria 108
0%
New Salem 24
0%
New Strawn 419
0%
Nickerson 1,052
0%
Niles 120
0%
Niotaze 89
0%
Norcatur 160
0%
North Newton 1,798
0%
Norton 2,681
0%
Nortonville 586
0%
Norway 6
0%
Norwich 410
0%
Oak Hill 25
0%
Oakley 1,996
0%
Oberlin 1,610
0%
Odin 62
0%
Offerle 163
0%
Ogallah 12
0%
Ogden 1,656
0%
Oketo 61
0%
Olivet 74
0%
Olmitz 90
0%
Olpe 528
0%
Olsburg 226
0%
Onaga 681
0%
Oneida 58
0%
Opolis 12
0%
Osawatomie 4,187
0%
Osborne 1,274
0%
Oskaloosa 1,073
0%
Oswego 1,625
0%
Otis 282
0%
Overbrook 998
0%
Oxford 1,036
0%
Ozawkie 623
0%
Palco 202
0%
Palmer 126
0%
Paola 5,835
0%
Paradise 34
0%
Parker 229
0%
Parkerfield 403
0%
Parkerville 47
0%
Parsons 9,328
0%
Partridge 211
0%
Pawnee Rock 186
0%
Paxico 210
0%
Peabody 916
0%
Peck 98
0%
Penalosa 17
0%
Perry 846
0%
Peru 101
0%
Piedmont 38
0%
Pilsen 29
0%
Piqua 72
0%
Plains 1,006
0%
Plainville 1,693
0%
Pleasanton 1,185
0%
Plevna 84
0%
Pomona 891
0%
Portis 84
0%
Potwin 413
0%
Powhattan 67
0%
Prairie View 99
0%
Prescott 213
0%
Preston 118
0%
Pretty Prairie 651
0%
Princeton 251
0%
Protection 495
0%
Quenemo 287
0%
Quinter 919
0%
Radium 22
0%
Radley 123
0%
Ramona 79
0%
Randall 84
0%
Randolph 158
0%
Ransom 255
0%
Rantoul 174
0%
Raymond 81
0%
Reading 184
0%
Redfield 92
0%
Republic 82
0%
Reserve 69
0%
Rexford 197
0%
Richfield 27
0%
Ringo 57
0%
Riverton 683
0%
Robinson 173
0%
Rolla 356
0%
Rosalia 179
0%
Rose Hill 4,290
0%
Roseland 74
0%
Rossville 1,090
0%
Roxbury 8
0%
Rozel 96
0%
Rush Center 132
0%
Russell Springs 27
0%
Sabetha 2,476
0%
Satanta 1,042
0%
Savonburg 76
0%
Sawyer 89
0%
Scammon 368
0%
Scandia 337
0%
Schoenchen 170
0%
Scott City 3,929
0%
Scottsville 26
0%
Sedan 985
0%
Sedgwick 1,582
0%
Selden 181
0%
Seneca 2,141
0%
Severance 79
0%
Severy 197
0%
Seward 41
0%
Sharon 143
0%
Sharon Springs 733
0%
Silverdale 37
0%
Simpson 82
0%
Smith Center 1,569
0%
Smolan 160
0%
Soldier 104
0%
Solomon 1,006
0%
Somerset 43
0%
South Haven 325
0%
South Hutchinson 2,506
0%
South Mound 17
0%
Spearville 780
0%
Speed 36
0%
Spivey 56
0%
Spring Hill 10,070
0%
Stafford 920
0%
Stark 66
0%
Sterling 2,309
0%
St. Francis 1,282
0%
St. George 1,150
0%
St. Marks 87
0%
St. Marys 2,784
0%
Stockton 1,433
0%
St. Paul 616
0%
Strong City 377
0%
Stuttgart 64
0%
Sublette 1,339
0%
Summerfield 124
0%
Sun City 33
0%
Susank 29
0%
Sycamore 43
0%
Sylvan Grove 289
0%
Sylvia 212
0%
Syracuse 1,807
0%
Talmage 94
0%
Tampa 105
0%
Tecumseh 339
0%
Tescott 266
0%
Thayer 426
0%
The Highlands 349
0%
Timken 34
0%
Tipton 194
0%
Tonganoxie 6,195
0%
Toronto 205
0%
Towanda 1,424
0%
Troy 982
0%
Turon 306
0%
Tyro 169
0%
Udall 641
0%
Ulysses 5,582
0%
Uniontown 297
0%
Urbana 18
0%
Utica 97
0%
Valley Falls 1,066
0%
Vassar 870
0%
Vermillion 76
0%
Vining 39
0%
Viola 113
0%
Virgil 47
0%
Wabaunsee 76
0%
Wakarusa 207
0%
WaKeeney 1,766
0%
Wakefield 840
0%
Waldo 32
0%
Waldron 9
0%
Wallace 45
0%
Walnut 188
0%
Walton 218
0%
Wathena 1,260
0%
Waverly 570
0%
Webber 31
0%
Weir 570
0%
Welda 221
0%
Wellsville 1,933
0%
Weskan 163
0%
West Mineral 147
0%
Westphalia 132
0%
Westwood 1,719
0%
Westwood Hills 395
0%
Wetmore 339
0%
Wheaton 106
0%
White City 437
0%
White Cloud 115
0%
Whitewater 652
0%
Whiting 196
0%
Willard 68
0%
Williamsburg 385
0%
Williamstown 40
0%
Willis 28
0%
Willowbrook 70
0%
Wilmore 34
0%
Wilroads Gardens 736
0%
Wilsey 139
0%
Winchester 443
0%
Windom 90
0%
Winona 184
0%
Woodbine 162
0%
Woodruff 9
0%
Woodston 89
0%
Wright 44
0%
Yale 72
0%
Yoder 43
0%
Zeandale 21
0%
Zenda 66
0%
Zurich 83
0%
No matching quizzes found
Score Distribution
Percent of People with Each Score
Percentile by Number Answered
Your Score History
You have not taken this quiz